Law, religion and reconciliation in Africa

Saved in:  
Bibliographic Details
Corporate Authors: African Consortium for Law and Religion Studies. Herausgebendes Organ (Issuing body) ; African Consortium for Law and Religion Studies. Annual Conference 10. Abidjan (2023) (Author)
Contributors: Green, M. Christian 1968- (Editor) ; Sourou, Jean-Baptiste (Editor) ; Gnonzion, Célestin (Editor) ; Akiyode-Afolabi, Abiola (Editor) ; Zoui, Mahfoud Ali (Editor) ; Kossonou, Komoé Guy-Roland (Editor) ; Maseno-Ouma, Loreen 1978- (Editor) ; Molato, Kenosi (Editor)
Format: Print Book
Language:English
Subito Delivery Service: Order now.
Check availability: HBZ Gateway
WorldCat: WorldCat
Interlibrary Loan:Interlibrary Loan for the Fachinformationsdienste (Specialized Information Services in Germany)
Published: Stellenbosch African Sun Media under the SUN PReSS imprint
In:Year: 2024
Series/Journal:Law and religion in Africa
Further subjects:B Role
B Arbitration
B Religion
B Traditional culture
B Committee
B Mediation
B Meaning
B Conference program
B Court

MARC

LEADER 00000cam a2200000 c 4500
001 1906971579
003 DE-627
005 20250918155952.0
007 tu
008 241028s2024 xx ||||| 00| ||eng c
020 |a 9781991260260  |9 978-1-991260-26-0 
035 |a (DE-627)1906971579 
035 |a (DE-599)KXP1906971579 
035 |a (OCoLC)1537012171 
040 |a DE-627  |b ger  |c DE-627  |e rda 
041 |a eng 
084 |a RF  |2 fivr 
084 |a SG09  |2 fivs 
084 |a SF06  |2 fivs 
084 |a 0  |2 ssgn 
245 0 0 |a Law, religion and reconciliation in Africa  |c editors M. Christian Green, Jean-Baptiste Sourou, Célestin Gnonzion, associate editors Abiola Akiyode-Afolabi, Mahfoud Ali Zoui, Komoé Guy-Roland Kossonou, Loreen Maseno, Kenosi Molato ; ACLARS African Consortium for Law and Religion Studies 
264 1 |a Stellenbosch  |c African Sun Media under the SUN PReSS imprint 
300 |a xix, 441 Seiten 
336 |a Text  |b txt  |2 rdacontent 
337 |a ohne Hilfsmittel zu benutzen  |b n  |2 rdamedia 
338 |a Band  |b nc  |2 rdacarrier 
490 0 |a Law and religion in Africa 
601 |a Religion 
650 0 7 |0 (DE-588)4121384-1  |0 (DE-627)10576986X  |0 (DE-576)20954287X  |a Gremium  |2 gnd 
650 0 7 |0 (DE-588)4121346-4  |0 (DE-627)105770124  |0 (DE-576)209542543  |a Gericht  |2 gnd 
650 0 7 |0 (DE-588)4323955-9  |0 (DE-627)128436905  |0 (DE-576)211249572  |a Traditionale Kultur  |2 gnd 
650 0 7 |0 (DE-588)4052717-7  |0 (DE-627)106171208  |0 (DE-576)209099496  |a Schlichtung  |2 gnd 
650 0 7 |0 (DE-588)4191538-0  |0 (DE-627)104362782  |0 (DE-576)210074159  |a Mediation  |2 gnd 
650 0 7 |0 (DE-588)4049396-9  |0 (DE-627)106187155  |0 (DE-576)209081880  |a Religion  |2 gnd 
650 0 7 |0 (DE-588)4005184-5  |0 (DE-627)104325550  |0 (DE-576)20885973X  |a Bedeutung  |2 gnd 
650 0 7 |0 (DE-588)4130478-0  |0 (DE-627)105702277  |0 (DE-576)20961935X  |a Rolle  |2 gnd 
655 7 |a Konferenzschrift  |0 (DE-588)1071861417  |0 (DE-627)826484824  |0 (DE-576)433375485  |2 gnd-content 
700 1 |e HerausgeberIn  |0 (DE-588)114614055X  |0 (DE-627)100770229X  |0 (DE-576)180147560  |4 edt  |a Green, M. Christian  |d 1968- 
700 1 |e HerausgeberIn  |0 (DE-588)138170606  |0 (DE-627)600282457  |0 (DE-576)306634953  |4 edt  |a Sourou, Jean-Baptiste 
700 1 |a Gnonzion, Célestin  |e HerausgeberIn  |4 edt 
700 1 |e HerausgeberIn  |0 (DE-588)1238112013  |0 (DE-627)1765324750  |4 edt  |a Akiyode-Afolabi, Abiola 
700 1 |a Zoui, Mahfoud Ali  |e HerausgeberIn  |4 edt 
700 1 |a Kossonou, Komoé Guy-Roland  |e HerausgeberIn  |4 edt 
700 1 |e HerausgeberIn  |0 (DE-588)1052973183  |0 (DE-627)78944464X  |0 (DE-576)408721111  |4 edt  |a Maseno-Ouma, Loreen  |d 1978- 
700 1 |a Molato, Kenosi  |e HerausgeberIn  |4 edt 
710 2 |e Herausgebendes Organ  |0 (DE-588)1346515727  |0 (DE-627)1907122133  |4 isb  |a African Consortium for Law and Religion Studies 
711 2 |j VerfasserIn  |0 (DE-588)1346513791  |0 (DE-627)1907120645  |4 aut  |a African Consortium for Law and Religion Studies  |e Annual Conference  |n 10.  |d 2023  |c Abidjan 
776 1 |o 10.52779/9781991260277 
776 1 |z 9781991260277  |c e-book 
935 |a mteo 
936 f i |0 (DE-627)1756132895  |a RF  |b Afrika südlich der Sahara  |k Afrika südlich der Sahara  |2 fivr 
936 f i |0 (DE-627)1756136092  |a SG09  |b Religion/Religionsgemeinschaften  |k Gesellschaft  |k Religion/Religionsgemeinschaften  |2 fivs 
936 f i |0 (DE-627)1756135819  |a SF06  |b Innere Sicherheit/Innerstaatlicher Konflikt  |k Staat  |k Innere Sicherheit/Innerstaatlicher Konflikt  |2 fivs 
938 1 0 |0 (DE-627)1756243832  |0 (DE-615)6610470  |a Afrika südlich der Sahara  |2 fivt 
938 1 0 |0 (DE-627)1756166803  |0 (DE-615)6603033  |a Nationale Versöhnung  |2 fivt 
938 1 0 |0 (DE-627)1756152012  |0 (DE-615)6602719  |a Versöhnung  |2 fivt 
938 1 0 |0 (DE-627)1756242208  |0 (DE-615)6604414  |a Kommission/Komitee  |2 fivt 
938 1 0 |0 (DE-627)1756176582  |0 (DE-615)6608614  |a Gericht  |2 fivt 
938 1 0 |0 (DE-627)1756205388  |0 (DE-615)6609489  |a Traditionelle Kultur  |2 fivt 
938 1 0 |0 (DE-627)1756226555  |0 (DE-615)6605380  |a Vermittlung/Schlichtung  |2 fivt 
938 1 0 |0 (DE-627)1756142769  |0 (DE-615)6603915  |a Religion  |2 fivt 
938 1 0 |0 (DE-627)1756207208  |0 (DE-615)6605266  |a Religiöse Faktoren  |2 fivt 
938 1 0 |0 (DE-627)1756231834  |0 (DE-615)6601088  |a Bedeutung/Rolle  |2 fivt 
938 1 1 |0 (DE-627)1756179751  |0 (DE-615)6604534  |a Länderbezogene Beiträge  |2 fiva 
938 1 1 |0 (DE-627)1756188076  |0 (DE-615)6607428  |a Peacebuilding  |2 fiva 
938 1 1 |0 (DE-627)175623096X  |0 (DE-615)6609006  |a Friedenserziehung  |2 fiva 
938 1 1 |0 (DE-627)1756200610  |0 (DE-615)6600616  |a Côte d'Ivoire  |2 fiva 
938 1 1 |0 (DE-627)1756224072  |0 (DE-615)6601309  |a Kenia  |2 fiva 
938 1 1 |0 (DE-627)1756197814  |0 (DE-615)6601263  |a Ghana  |2 fiva 
938 1 1 |0 (DE-627)1756137897  |0 (DE-615)6604002  |a Südafrikanische Republik  |2 fiva 
938 1 1 |0 (DE-627)244719837  |0 (DE-588)5284488-2  |a Südafrika  |b Truth and Reconciliation Commission  |2 gnd  |2 fiva 
938 1 1 |0 (DE-627)1756200963  |0 (DE-615)6600478  |a Nigeria  |2 fiva 
938 1 1 |0 (DE-627)1756165440  |0 (DE-615)6601845  |a Botsuana  |2 fiva 
938 1 1 |0 (DE-627)1756160953  |0 (DE-615)6602381  |a Simbabwe  |2 fiva 
938 1 1 |0 (DE-627)1756201587  |0 (DE-615)6601666  |a Benin  |2 fiva 
938 1 1 |0 (DE-627)1756161178  |0 (DE-615)6602369  |a Äthiopien  |2 fiva 
938 1 1 |0 (DE-627)1756224196  |0 (DE-615)6601294  |a Mosambik  |2 fiva 
938 1 1 |0 (DE-627)104590149  |0 (DE-588)4264291-7  |a Große Seen  |z Region  |2 gnd  |2 fiva 
938 1 1 |0 (DE-627)1756222517  |0 (DE-615)6608208  |a Vergangenheitsbewältigung  |2 fiva 
951 |a BO 
ACO |a 1 
ELC |b 1 
LOK |0 000 xxxxxcx a22 zn 4500 
LOK |0 001 4638496601 
LOK |0 003 DE-627 
LOK |0 004 1906971579 
LOK |0 005 20241218145405 
LOK |0 008 241218||||||||||||||||ger||||||| 
LOK |0 040   |a DE-Tue135  |c DE-627  |d DE-Tue135 
LOK |0 092   |o n 
LOK |0 852   |a DE-Tue135 
LOK |0 852 1  |9 00 
LOK |0 935   |a fivi 
LOK |0 939   |a 18-12-24  |b l01 
ORI |a SA-MARC-ixtheoa001.raw 
REL |a 1 
STA 0 0 |a Arbitration,Conciliation procedures,Committee,Commission,Court,Court,Meaning,Significance,Mediation,Religion,Religion in literature,Religions,Religion,Role,Traditional culture 
STB 0 0 |a Commission,Organe,Organe,Conciliation,Culture traditionnelle,Civilisation traditionnelle,Civilisation traditionnelle,Médiation,Religion,Religions,Religion,Rôle,Signification,Tribunal,Tribunal 
STC 0 0 |a Comisión,Gremio,Gremio,Conciliación,Cultura tradicional,Meditación,Religión,Religión,Religión,Rol,Papel,Papel,Significado,Tribunal,Tribunal,Corte,Corte,Juicio (Motivo),Juicio 
STD 0 0 |a Commissione,Conciliazione,Cultura tradizionale,Civiltà tradizionale,Civiltà tradizionale,Mediazione,Religione,Religione,Religione,Ruolo,Significato,Tribunale,Tribunale 
STE 0 0 |a 委员会,宗教,宗教,意义,含意,法院,法庭,角色,作用,调解,仲裁 
STF 0 0 |a 委員會,宗教,宗教,意義,含意,法院,法庭,角色,作用,調解,調解,仲裁 
STG 0 0 |a Comissão,Grêmio,Grêmio,Conciliação,Cultura tradicional,Meditação,Papel,Religião,Religião,Significado,Tribunal,Tribunal,Foro,Corte,Foro,Corte,Juízo (Motivo),Juízo 
STH 0 0 |a Значение,Комитет,Медиация,Религия,Религия (мотив),Роль,Суд (мотив),Суд,Традициональная культура,Улаживание 
STI 0 0 |a Διαιτησία,Φιλικός διακανονισμός,Διαμεσολάβηση,Μεσολάβηση,Δικαστήριο (μοτίβο),Δικαστήριο,Επιτροπή,Θρησκεία,Θρησκεία (μοτίβο),Παραδοσιακός πολιτισμός,Ρόλος,Σημασία,Έννοια 
SUB |a REL 
SYE 0 0 |a Kommission,Gremien , Traditionelle Kultur , Schlichtungsverfahren , peacemaking,Konflikt,Vermittlung , Religion,Mystik,Mythologie , Sinn